Quiz Wszystkie kluby piłkarskie z Kujawsko-Pomorskiego - Statystyki

Ogólne statystyki
  • Ten quiz został rozwiązany 10 razy
  • Średni wynik to 17 z 180
Statystyki odpowiedzi
Liga Klub % Poprawnych
3 liga gr 2 Elana Toruń
100%
3 liga gr 2 Zawisza Bydgoszcz
100%
2 Liga Olimpia Grudziądz
63%
Okręgówka Włocłavia Włocławek
50%
Okręgówka Chełmianka Chełmno
38%
B Klasa BDG 5 Goplania Inowrocław
38%
4 liga Lech Rypin
38%
Okręgówka Legia Chełmża
38%
Okręgówka Mień Lipno
38%
B Klasa BDG 5 Noteć Inowrocław
38%
4 liga Orlęta Aleksandrów
38%
4 liga Pogoń Mogilno
38%
Okręgówka Pomorzanin Toruń
38%
4 liga Sparta Brodnica
38%
3 liga gr 2 Tłuchowia Tłuchowo
38%
Okręgówka Tucholanka Tuchola
38%
4 liga Unia Gniewkowo
38%
3 liga gr 2 Wda Świecie
38%
Okręgówka Zdrój Ciechocinek
38%
B Klasa BDG 3 Burza Nowa Wieś Wielka
25%
4 liga Chemik Bydgoszcz
25%
A Klasa Bdg 2 Czarni Nakło nad Notecią
25%
Okręgówka Drwęca Golub Dobrzyń
25%
B Klasa Tor 1 Flisak Złotoria
25%
A Klasa Tor 1 GKS Górsk
25%
A Klasa Tor 1 Gol Brodnica
25%
B Klasa Tor 1 JSS Toruń
25%
B Klasa WŁK 1 Młoda Włocłavia
25%
4 liga Mustang Ostaszewo
25%
B Klasa Tor 1 Opatrunki Toruń
25%
A Klasa Tor 1 Orzeł Głogowo
25%
Okręgówka Polonia Bydgoszcz
25%
4 liga Start Pruszcz
25%
B Klasa Tor 1 Start Toruń
25%
B Klasa BDG 2 Strażak Świecie
25%
4 liga Unia Solec Kujawski
25%
B Klasa Tor 1 Unislavia Unisław
25%
4 liga Victoria Czernikowo
25%
A Klasa Bdg 1 Victoria Koronowo
25%
4 liga Cuiavia Inowrocław
13%
A Klasa Tor 1 Cyklon Kończewice
13%
A Klasa Bdg 2 Dąb Potulice
13%
Okręgówka Gopło Kruszwica
13%
A Klasa Bdg 1 Grom Więcbork
13%
A Klasa Bdg 1 Gwiazda Bydgoszcz
13%
B Klasa Tor 2 Iskra Ciechocin
13%
B Klasa WŁK 1 Kikolanka Kikół
13%
A Klasa WŁK 1 Lider Włocławek
13%
4 liga Łokietek Brześć
13%
Okręgówka Notecianka Pakość
13%
4 liga Noteć Łabiszyn
13%
B Klasa BDG 3 Orzeł Kcynia
13%
4 liga Piast Kołodziejowo
13%
B Klasa Tor 2 Pogrom Zbójno
13%
Okręgówka Promień Kowalewo
13%
B Klasa BDG 4 Sparta Janowiec
13%
A Klasa Tor 1 Stal Grudziądz
13%
A Klasa WŁK 1 Start Radziejów
13%
Okręgówka Start Stawki
13%
A Klasa Bdg 2 Szubinianka Szubin
13%
B Klasa BDG 1 Tarpan Mrocza
13%
4 liga Unia Wąbrzeźno
13%
4 liga Wisła Dobrzyń
13%
A Klasa Bdg 1 Wisła Fordon
13%
B Klasa BDG 2 Wisła Nowe
13%
B Klasa Tor 1 Wisła Pędzewo
13%
A Klasa WŁK 1 Ziemowit Osięciny
13%
A Klasa Bdg 2 AF Brzoza
0%
A Klasa Tor 1 Błekitni Podwiesk
0%
B Klasa Tor 1 Brzóski Brzozowo
0%
B Klasa BDG 1 Cis Cekcyn
0%
Okręgówka Cukrownik Fabianki
0%
Okręgówka Cukrownik Tuczno
0%
Okręgówka CWZS Bydgoszcz
0%
B Klasa BDG 2 Czarni Lniano
0%
Okręgówka Czarni Wierzchosławice
0%
A Klasa Bdg 2 Dąb Bąkowo
0%
A Klasa Bdg 2 Dąb Barcin
0%
A Klasa Bdg 1 Fala Świekatowo
0%
A Klasa Tor 1 Feniks Łasin
0%
B Klasa Tor 2 Fijevia FIjewo
0%
B Klasa BDG 5 Fregara Polanowice
0%
B Klasa BDG 1 Fuks Wielowicz
0%
A Klasa WŁK 1 GKS Baruchowo
0%
B Klasa BDG 3 GLZS Sadki
0%
A Klasa Bdg 1 Grom Osie
0%
A Klasa WŁK 1 Grot Kowalki
0%
Okręgówka Gryf Sicienko
0%
B Klasa BDG 2 Gwiazda Bukowiec
0%
B Klasa Tor 1 Gwiazda Starogród
0%
B Klasa BDG 1 Gwiazda Sypniewo
0%
B Klasa BDG 4 Hutnik Tur
0%
B Klasa BDG 3 Iskra Zamość Rynarzewo
0%
B Klasa Tor 2 Jeziorak Zbiczno
0%
B Klasa BDG 1 Kamionka Kamień Krajeński
0%
B Klasa Tor 1 Kasztelan Papowo
0%
A Klasa Bdg 2 Kolorowi Krusza
0%
A Klasa Bdg 1 Krajna Sępólno Krajeńskie
0%
A Klasa Bdg 2 Ks Brzoza
0%
B Klasa BDG 1 Ks Żalno
0%
4 liga Kujawiak Kowal
0%
B Klasa WŁK 1 Kujawiak Kozy
0%
Okręgówka Kujawiak Kruszyn
0%
B Klasa BDG 5 Kujawiak Sukowy
0%
Okręgówka Kujawianka Izbica
0%
B Klasa BDG 4 Kujawianka Strzelno
0%
A Klasa Bdg 2 Kujawskie Jeziora Wielkie
0%
B Klasa BDG 5 Kujawy Markowice
0%
B Klasa WŁK 1 Lech Dobre
0%
Okręgówka Lks Dąbrowa
0%
B Klasa BDG 1 Łokietek Wierzchucin
0%
Okręgówka LTP Lubanie
0%
B Klasa Tor 2 LZS Bobrowo
0%
B Klasa BDG 4 LZS Grochowiska Księże
0%
B Klasa BDG 5 LZS Kościelec Kujawski
0%
B Klasa BDG 1 LZS Wałdowo
0%
B Klasa BDG 3 Mezar Nakło nad Notecią
0%
A Klasa WŁK 1 MGKS Lubraniec
0%
B Klasa BDG 5 Mikrus Szadłowice
0%
B Klasa BDG 4 MKS Janikowo
0%
B Klasa BDG 1 Myśliwiec Gostycyn
0%
A Klasa Tor 1 Naprzód Jabłonowo
0%
Okręgówka Noteć Gębice
0%
B Klasa Tor 1 Ogniwo Zegartowice
0%
B Klasa BDG 4 Olimpia Dąbrowa
0%
B Klasa BDG 1 Olimpia Wtelno
0%
A Klasa Bdg 2 Orłowianka Orłowo
0%
B Klasa BDG 3 Orzeł Przyłęki
0%
A Klasa WŁK 1 Orzeł Służewo
0%
Okręgówka Pałuczanka Żnin
0%
Okręgówka PaP osielsko
0%
A Klasa Bdg 1 Piaski Bydgoszcz
0%
A Klasa WŁK 1 Piast Bądkowo
0%
A Klasa Tor 1 Piast Łasin
0%
A Klasa Bdg 2 Piast Złotniki
0%
Okręgówka Pomorzanin Serock
0%
B Klasa Tor 1 Pomowiec Kijewo Królewskie
0%
B Klasa BDG 4 Promień Szczepanowo
0%
A Klasa Tor 1 Radzynianka Radzyń
0%
Okręgówka Rawys Raciąż
0%
B Klasa WŁK 1 Skompensis Skępe
0%
B Klasa BDG 3 Skra Paterek
0%
Okręgówka Skrwa Skrwilno
0%
B Klasa BDG 4 Snajper Rogowo
0%
B Klasa Tor 1 Sokół Grzywna
0%
A Klasa Tor 1 Sokół Radomin
0%
B Klasa Tor 1 Sparta Łubianka
0%
A Klasa Bdg 1 Sparta Przysiersk
0%
Okręgówka Spójnia Białe Błota
0%
B Klasa BDG 3 Sportis Łochowo
0%
B Klasa BDG 2 Start Warlubie
0%
A Klasa Bdg 2 Tarant Wójcin
0%
A Klasa WŁK 1 Tęcza Topółka
0%
A Klasa Bdg 1 Tęcza Wiąg
0%
B Klasa BDG 1 TKP Tuchola
0%
B Klasa BDG 2 Tor Laskowice
0%
B Klasa BDG 3 Tytan Mrocza
0%
B Klasa Tor 2 Ulani Skępsk
0%
B Klasa BDG 5 Unia Leszcze
0%
B Klasa Tor 2 UniFreeze Górzno
0%
B Klasa BDG 3 Victoria Kołaczkowo
0%
A Klasa Tor 1 Victoria Lisiewo
0%
B Klasa WŁK 1 Victoria Smólnik
0%
B Klasa WŁK 1 Viking Aleksandrów
0%
B Klasa Tor 2 Węgrowianka Węgrowo
0%
A Klasa WŁK 1 Wicher Wielgie
0%
B Klasa BDG 2 Wisełka Solec Kujawski
0%
Okręgówka Wisła Gruczno
0%
B Klasa WŁK 1 Wiślanin Bobrowniki
0%
B Klasa BDG 2 Wisła Strzelce Górne
0%
A Klasa Tor 1 Wojownik Wabcz
0%
B Klasa WŁK 1 Wzgórze Raciążek
0%
B Klasa BDG 4 Zagłębie Piechcin
0%
B Klasa Tor 1 Zamek Bierzgłowski
0%
B Klasa BDG 3 Zieloni Zalesie
0%
A Klasa WŁK 1 Zjednoczeni Piotrków
0%
B Klasa BDG 5 Znicz Rojewo
0%
B Klasa BDG 4 ZooTechnik Kołuda Wielka
0%
B Klasa Tor 2 Zryw Książki
0%
B Klasa BDG 2 Zryw Wielki Lubień
0%
Nie znaleziono quizów pasujących do podanych kryteriów
Rozkład punktacji
Procent ludzi z każdym wynikiem
Percentyl według liczby udzielonych odpowiedzi
Twoja historia wyników
Nie rozwiązałeś tego quizu